|
|
|
|
| LEADER |
02634nam a2200505 4500 |
| 001 |
978-3-319-73287-9 |
| 003 |
DE-He213 |
| 005 |
20191027081146.0 |
| 007 |
cr nn 008mamaa |
| 008 |
180110s2018 gw | s |||| 0|eng d |
| 020 |
|
|
|a 9783319732879
|9 978-3-319-73287-9
|
| 024 |
7 |
|
|a 10.1007/978-3-319-73287-9
|2 doi
|
| 040 |
|
|
|d GrThAP
|
| 050 |
|
4 |
|a GB5000-5030
|
| 072 |
|
7 |
|a RNR
|2 bicssc
|
| 072 |
|
7 |
|a NAT023000
|2 bisacsh
|
| 072 |
|
7 |
|a RNR
|2 thema
|
| 082 |
0 |
4 |
|a 551
|2 23
|
| 100 |
1 |
|
|a Tolkova, Elena.
|e author.
|4 aut
|4 http://id.loc.gov/vocabulary/relators/aut
|
| 245 |
1 |
0 |
|a Tsunami Propagation in Tidal Rivers
|h [electronic resource] /
|c by Elena Tolkova.
|
| 250 |
|
|
|a 1st ed. 2018.
|
| 264 |
|
1 |
|a Cham :
|b Springer International Publishing :
|b Imprint: Springer,
|c 2018.
|
| 300 |
|
|
|a XII, 123 p. 63 illus., 46 illus. in color.
|b online resource.
|
| 336 |
|
|
|a text
|b txt
|2 rdacontent
|
| 337 |
|
|
|a computer
|b c
|2 rdamedia
|
| 338 |
|
|
|a online resource
|b cr
|2 rdacarrier
|
| 347 |
|
|
|a text file
|b PDF
|2 rda
|
| 490 |
1 |
|
|a SpringerBriefs in Earth Sciences,
|x 2191-5369
|
| 505 |
0 |
|
|a Chapter 1. Observations of tsunamis in rivers -- Chapter 2. First analytical chapter: long wave set-up -- Chapter 3. Like tsunamis, tides make rivers deeper -- Chapter 4. Tsunami and tidal set-up in rivers: a numerical study -- Chapter 5. Second analytical chapter: ascending with the wave -- Chapter 6. Tsunami rides tides -- Chapter 7. Tsunami Bores.
|
| 520 |
|
|
|a Using observations of the 2011-Tohoku and some other tsunamis in rivers as a starting point for analytical and numerical exploration, this book suggests a basis for predicting tsunami impacts in a river after the wave has transitioned into the river's channel. .
|
| 650 |
|
0 |
|a Natural disasters.
|
| 650 |
|
0 |
|a Coasts.
|
| 650 |
|
0 |
|a Geophysics.
|
| 650 |
1 |
4 |
|a Natural Hazards.
|0 http://scigraph.springernature.com/things/product-market-codes/G32000
|
| 650 |
2 |
4 |
|a Coastal Sciences.
|0 http://scigraph.springernature.com/things/product-market-codes/G35020
|
| 650 |
2 |
4 |
|a Geophysics/Geodesy.
|0 http://scigraph.springernature.com/things/product-market-codes/G18009
|
| 650 |
2 |
4 |
|a Geophysics and Environmental Physics.
|0 http://scigraph.springernature.com/things/product-market-codes/P32000
|
| 710 |
2 |
|
|a SpringerLink (Online service)
|
| 773 |
0 |
|
|t Springer eBooks
|
| 776 |
0 |
8 |
|i Printed edition:
|z 9783319732862
|
| 776 |
0 |
8 |
|i Printed edition:
|z 9783319732886
|
| 830 |
|
0 |
|a SpringerBriefs in Earth Sciences,
|x 2191-5369
|
| 856 |
4 |
0 |
|u https://doi.org/10.1007/978-3-319-73287-9
|z Full Text via HEAL-Link
|
| 912 |
|
|
|a ZDB-2-EES
|
| 950 |
|
|
|a Earth and Environmental Science (Springer-11646)
|